| 000 | 00997nam a22003257a 4500 | ||
|---|---|---|---|
| 003 | CHAP | ||
| 005 | 20220329135141.0 | ||
| 008 | 971013s1983 r 00010 d | ||
| 010 | _a31719 | ||
| 011 | _a32691 | ||
| 035 | _a36806 | ||
| 040 | _cCHAP | ||
| 082 |
_a547 _bN4 |
||
| 100 | 0 | 0 |
_aNegro, José Luis. _980725 |
| 245 | _aIniciación al lenguaje químico orgánico | ||
| 260 |
_aMadrid : _bAlhambra, _c1983 |
||
| 300 |
_a124 p. _b: ilus. |
||
| 490 | _aSerie A | ||
| 590 |
_aBATCH-UPD _b10 _c20130109 _lUCH01 _h2351 |
||
| 590 |
_aBATCH-UPD _b10 _c20130110 _lUCH01 _h2237 |
||
| 590 |
_aBATCH-UPD _b10 _c20130409 _lUCH01 _h1924 |
||
| 590 |
_aBATCH-UPD _b10 _c20130914 _lUCH01 _h1837 |
||
| 590 |
_aCONVERSION _b10 _c20130109 _lUCH01 _h1318 |
||
| 650 | 1 | 4 |
_aQuímica orgánica _xDiccionarios. _993599 |
| 830 | 0 |
_aSerie A _9104578 |
|
| 901 | _aBK | ||
| 942 | _cLIBRO | ||
| 949 |
_a547 N4 _bBC _cC _d-84651 _eC _gI. c/e _h65684 _i36806 _si |
||
| 949 |
_a547 N4 _bBC _cC _d-84653 _eC _fc.2 _gI. c/e _h65685 _i36806 _si |
||
| 999 |
_c31719 _d31719 |
||